000
00229nam a22000857a 4500
008
161028b xxu||||| |||| 00| 0 eng d
100
_9
979
_a
Pal.Y.etal.
245
_a
Secondary Biology-IX
260
_a
New Delhi
_b
A.P.C. Publications
_c
2009
999
_c
3638
_d
3638